|
|
|
|
| LEADER |
01104nam a2200313 4500 |
| 001 |
000013149 |
| 003 |
9486 |
| 005 |
20120309100304.0 |
| 008 |
120309s2007 viesd |
| 020 |
|
|
|c 0đ
|
| 041 |
0 |
|
|a vie
|
| 082 |
|
|
|a 515.3
|b NG-Q
|
| 100 |
0 |
|
|a Nguyễn, Mạnh Quý
|e Tác Giả
|
| 245 |
|
0 |
|a Giáo trình phương trình vi phân
|b Sách dành cho Cao đẳng Sư phạm
|c Nguyễn, Mạnh Quý
|
| 260 |
|
|
|a H.
|b Đại Học Sư Phạm
|c 2007
|
| 300 |
|
|
|a 184tr.
|c 24 cm
|
| 500 |
|
|
|a Bộ giáo dục và đào tạo - Dự án đào tạo giáo viên THCS
|
| 653 |
|
|
|a vi phân
|a Giáo trình
|
| 910 |
|
|
|a Nguyễn Thị Lê Na
|
| OWN |
|
|
|a LSP
|
| AVA |
|
|
|a UDN50
|b LSP
|d 515.3 NG-Q
|e check_holdings
|t Error 5003 Not defined in file expand_doc_bib_avail.
|h N
|k 1
|
| 999 |
|
|
|a From the UDN01
|
| AVA |
|
|
|a UDN50
|b LSP
|d 515.3 NG-Q
|e available
|t Error 5001 Not defined in file expand_doc_bib_avail.
|f 41
|g 0
|h N
|i 26
|k 1
|
| TYP |
|
|
|a Monograph
|
| TYP |
|
|
|a Printed language
|
| 980 |
|
|
|a Mạng thư viện Đại học Đà Nẵng
|